|
|
|
|
| LEADER |
00000nam0a2200000 4500 |
| 001 |
324145 |
| 005 |
20231102003635.0 |
| 035 |
|
|
|a (RuTPU)RU\TPU\book\349734
|
| 090 |
|
|
|a 324145
|
| 100 |
|
|
|a 20161108d1898 km y0rusy50 ca
|
| 101 |
0 |
|
|a rus
|
| 102 |
|
|
|a RU
|
| 105 |
|
|
|a af z 001zy
|
| 200 |
1 |
|
|a Истечение газов
|f А. Н. Митинский
|
| 210 |
|
|
|a Санкт-Петербург
|c Типография П. П. Сойкина
|d 1898
|
| 215 |
|
|
|a [4], 73, [4] с., [2] вкл. л.
|c ил.
|
| 300 |
|
|
|a Конволют
|
| 300 |
|
|
|a Текст в русской дореформенной орфографии
|
| 316 |
|
|
|5 63413507: М-133143
|a Владельческая подпись и штамп-экслибрис И. Н. Бутакова
|
| 317 |
|
|
|5 63413507: М-133143
|a Поступила в НТБ в 1970 г. в составе книжного собрания профессора ТПИ И. Н. Бутакова
|
| 320 |
|
|
|a Объяснения к фигуре 1: с. [77]
|
| 423 |
|
|
|t Турбина Лаваля
|f А. Н. Митинский
|c Санкт-Петербург
|n Типография П. П. Сойкина
|d 1899
|p [2], 17 с., [1] вкл. л. ил.
|a Митинский, А. Н.
|
| 606 |
1 |
|
|a Газы
|x Истечение
|2 stltpush
|3 (RuTPU)RU\TPU\subj\13255
|9 39902
|
| 606 |
1 |
|
|a Паровые турбины
|2 stltpush
|3 (RuTPU)RU\TPU\subj\74182
|9 86661
|
| 610 |
1 |
|
|a механика газа
|
| 610 |
1 |
|
|a истечение газов
|
| 610 |
1 |
|
|a паровые турбины
|
| 610 |
1 |
|
|a расчеты
|
| 610 |
1 |
|
|a владельческая надпись
|
| 610 |
1 |
|
|a владельческие знаки
|
| 610 |
1 |
|
|a библиотека И. Н. Бутакова
|
| 675 |
|
|
|a 533.1
|v 4
|
| 675 |
|
|
|a 621.165
|v 4
|
| 700 |
|
1 |
|a Митинский
|b А. Н.
|
| 801 |
|
1 |
|a RU
|b 63413507
|c 20161108
|
| 801 |
|
2 |
|a RU
|b 63413507
|c 20190911
|g RCR
|
| 942 |
|
|
|c BK
|